000 00952cam a2200241 4500
008 010821n2001 000 0 eng u
020 _a0130311804
035 _a(Sirsi) u114211
041 _aeng.
050 _a624.15
100 _aTomlinson, M.J.
245 _aFoundation design and construction
250 _a7th ed.
260 _aHarlow
_bPearson Education
_c2001
300 _axii,569p.
_bill.
_c25cm.
350 _a39.99
520 _aStarts by explaining some basic theory, and then, through case studies, practical worked examples and design charts, develops an in-depth understanding of foundation design and construction methods. Types of foundation covered include shallow strip, pad and raft, basement structures, driven and bored piles, and deep shafts.
650 _aFOUNDATION ENGINEERING
650 _aSOIL MECHANICS
650 _aSUBSURFACE ENGINEERING
690 _aBUILT ENVIRONMENT-CONSTRUCTION DESIGN
942 _n0
999 _c101587
_d101587